000
00360nam a22001577a 4500
003
MPLRDC
005
20220104123331.0
008
210129b ||||| |||| 00| 0 eng d
082
_a
320 LS
100
_a
卢胜
245
_a
射电天文浅说
_c
260
_a
_b
真知出版社
_c
1971
300
_b
平
650
_a
天文学总论
942
_c
BK
_o
320 LS
999
_c
10531
_d
10521